000 00680nam a2200205 i 4500
001 49020
003 ES-MaACL
005 20230906161851.0
007 t|
008 030704s1953 sp ||||1| spa d
100 1 _aCoronado, Carolina.
_940678
245 1 0 _aPoesías /
_cCarolina Coronado ; [proemio de Julio Cienfuegos Linares].
260 _a[S.l. :
_bs.n.,
_c1953] (
_eBadajoz :
_fTall. tip. F. Arqueros)
300 _aXIII, 178 p., 1 lám. ;
_c19 cm.
490 1 _aBiblioteca de autores extremeños
700 1 _aCienfuegos Linares, Julio.
_938784
830 0 _aBiblioteca de autores extremeños
_9187602
852 _aES-MaACL
_jD-9176
_bR.34887
999 _c49020
_d49020